England / (Record no. 15827)
[ view plain ]
| 000 -LEADER | |
|---|---|
| fixed length control field | 01834nam a2200373 a 4500 |
| 001 - CONTROL NUMBER | |
| control field | ASIN1741795672 |
| 005 - DATE AND TIME OF LATEST TRANSACTION | |
| control field | 20170105102926.0 |
| 008 - FIXED-LENGTH DATA ELEMENTS--GENERAL INFORMATION | |
| fixed length control field | 131212s2011 xxu eng d |
| 020 ## - INTERNATIONAL STANDARD BOOK NUMBER | |
| International Standard Book Number | 1741795672 (paperback) |
| Terms of availability | $24.99 |
| 020 ## - INTERNATIONAL STANDARD BOOK NUMBER | |
| International Standard Book Number | 9781741795677 (paperback) |
| 040 ## - CATALOGING SOURCE | |
| Original cataloging agency | 0 |
| 050 04 - LIBRARY OF CONGRESS CALL NUMBER | |
| Classification number | DA650 |
| 082 04 - DEWEY DECIMAL CLASSIFICATION NUMBER | |
| Classification number | 914.20486 |
| Author Mark | ENG 2011 |
| 100 ## - MAIN ENTRY--PERSONAL NAME | |
| Personal name | Else, David. |
| 245 00 - TITLE STATEMENT | |
| Title | England / |
| Statement of responsibility, etc. | David Else, Oliver Berry, Joe Bindloss, Fionn Davenport, Marc Di Duca, Belinda Dixon, Peter Dragicevich, Etain O'Carroll, Neil Wilson. |
| 250 ## - EDITION STATEMENT | |
| Edition statement | 6th ed. |
| 260 ## - PUBLICATION, DISTRIBUTION, ETC. | |
| Place of publication, distribution, etc. | [S.l.] : |
| Name of publisher, distributor, etc. | Lonely Planet, |
| Date of publication, distribution, etc. | 2011. |
| 300 ## - PHYSICAL DESCRIPTION | |
| Extent | 864 p. ; |
| Dimensions | 20 cm. |
| 490 1# - SERIES STATEMENT | |
| Series statement | Country travel guide. |
| 520 ## - SUMMARY, ETC. | |
| Summary, etc. | “Tower Bridge, Buckingham Palace, Manchester United, The Beatles. England does icons like no other place on earth, and travel here is a fascinating mix of famous names and hidden gems.” – David Else, Lonely Planet writer Our Promise You can trust our travel information because Lonely Planet authors visit the places we write about, each and every edition. We never accept freebies for positive coverage, and you can rely on us to tell it like we see it. Inside This Book… 7 months of research in England 9 authors 120 maps 108 different real ales Inspirational photos Clear, easy-to-use maps Pull-out city map 3D plans of iconic sights Comprehensive planning tools In-depth background. |
| 650 #0 - SUBJECT ADDED ENTRY--TOPICAL TERM | |
| Topical term or geographic name entry element | England |
| 650 #0 - SUBJECT ADDED ENTRY--TOPICAL TERM | |
| Topical term or geographic name entry element | Travel |
| 700 1# - ADDED ENTRY--PERSONAL NAME | |
| Personal name | Berry, Oliver. |
| 700 1# - ADDED ENTRY--PERSONAL NAME | |
| Personal name | Bindloss, Joe. |
| 700 1# - ADDED ENTRY--PERSONAL NAME | |
| Personal name | Davenport, Fionn. |
| 700 1# - ADDED ENTRY--PERSONAL NAME | |
| Personal name | Dixon, Belinda. |
| 700 1# - ADDED ENTRY--PERSONAL NAME | |
| Personal name | Dragicevich, Peter. |
| 700 1# - ADDED ENTRY--PERSONAL NAME | |
| Personal name | Duca, Marc Di. |
| 700 1# - ADDED ENTRY--PERSONAL NAME | |
| Personal name | O'Carroll, Etain. |
| 700 1# - ADDED ENTRY--PERSONAL NAME | |
| Personal name | Wilson, Neil. |
| 830 #0 - SERIES ADDED ENTRY--UNIFORM TITLE | |
| Uniform title | Country travel guide. |
| 856 40 - ELECTRONIC LOCATION AND ACCESS | |
| Materials specified | Amazon.com |
| Uniform Resource Identifier | <a href="http://www.amazon.com/exec/obidos/ASIN/1741795672/chopaconline-20">http://www.amazon.com/exec/obidos/ASIN/1741795672/chopaconline-20</a> |
| 942 ## - ADDED ENTRY ELEMENTS (KOHA) | |
| Source of classification or shelving scheme | |
| Koha item type | Book |
| Withdrawn status | Lost status | Damaged status | Not for loan | Collection code | Permanent Location | Current Location | Shelving location | Date acquired | Total Checkouts | Full call number | Barcode | Date last seen | Price effective from | Koha item type |
|---|---|---|---|---|---|---|---|---|---|---|---|---|---|---|
| Central Library (CL) | Central Library (CL) | General Stacks | 10/02/2013 | 914.20486 ENG 2011 | CIPS0001950 | 05/22/2024 | 12/12/2013 | Book |
